00491nam a2200133Ia 45000010005000000080041000050820026000461000063000722450154001352600017002895900007003069010027003139990017003402888241024s9999 xx 000 0 und d a[*SIN CLASIFICACION*] aRepública Dominicana. Ministerio de Educación (MINERD) 0aInforme de la aplicación del aumento del 20% del salario de los niveles inicial, básico y medio a marzo 2013 y regularización de los incentivos bMINERDc2013 aSI a12/6/2013 2:06:03 p.m. c11383d11383